000
00181nam a2200085Ia 4500
008
120527s9999 xx 000 0 und d
100
_a
COLE, M.
245
_a
Maura's Game
942
_c
BK
999
_c
25690
_d
25690